书目信息 |
| 题名: |
电动仪表及其晶体管电路
|
|
| 作者: | ;清华大学工业自动化系 编 | |
| 分册: | ||
| 出版信息: | 北京 人民教育出版社 1976 |
|
| 页数: | 440页 | |
| 开本: | 20cm | |
| 丛书名: | ||
| 单 册: | ||
| 中图分类: | TH862 | |
| 科图分类: | ||
| 主题词: | 电动仪表 , 晶体管电路 | |
| 电子资源: | ||
| ISBN: | ||
| 000 | 00673nam0 2200229 45 | |
| 001 | 0176000817 | |
| 005 | 20060812152821.51 | |
| 010 | @dCNY1.40 | |
| 100 | @a19950927d1976 em y0chiy0121 ea | |
| 101 | 0 | @achi |
| 102 | @aCN@b110000 | |
| 105 | @ay z 000yy | |
| 200 | 10 | @a电动仪表及其晶体管电路@Adian dong yi biao ji qi jing ti guan dian lu@f清华大学工业自动化系编 |
| 210 | @a北京@c人民教育出版社@d1976 | |
| 215 | @a440页@d20cm | |
| 606 | @a电动仪表 | |
| 606 | @a晶体管电路 | |
| 690 | @aTH862@v3 | |
| 711 | 02 | @a清华大学工业自动化系@Aqing hua da xue gong ye zi dong hua xi@4编 |
| 801 | 0 | @aCN@bTSSF@c20060812 |
| 801 | 2 | @aCN@bNLC@c20060720 |
| 905 | @a10447@dTH862@e13 | |
| 电动仪表及其晶体管电路/清华大学工业自动化系编.-北京:人民教育出版社,1976 |
| 440页;20cm |
| ISBN :CNY1.40 |
| ● |
| 相关链接 |
|
|
|
|
正题名:电动仪表及其晶体管电路
索取号:TH862/13
 
预约/预借
| 序号 | 登录号 | 条形码 | 馆藏地/架位号 | 状态 | 备注 |
| 1 | 0437798 | 204377986 | 密集书库/ [索取号:TH862/13] | 在馆 | |
| 2 | 0452416 | 204524167 | 密集书库/ [索取号:TH862/13] | 在馆 |